Corrosion Engineering (Record no. 4181)

000 -LEADER
fixed length control field 00580nam a22002177a 4500
001 - CONTROL NUMBER
control field 4181
003 - CONTROL NUMBER IDENTIFIER
control field BD-DhUET
008 - FIXED-LENGTH DATA ELEMENTS--GENERAL INFORMATION
fixed length control field 141113b xxu||||| |||| 00| 0 eng d
020 ## - INTERNATIONAL STANDARD BOOK NUMBER
International Standard Book Number 0071003600
040 ## - CATALOGING SOURCE
Original cataloging agency DLC
Language of cataloging DLC
Transcribing agency 0
Modifying agency BD-DhUET
082 ## - DEWEY DECIMAL CLASSIFICATION NUMBER
Item number FON/1987
Classification number 620.1122
100 ## - MAIN ENTRY--PERSONAL NAME
Personal name Fontana, Mars G.
245 ## - TITLE STATEMENT
Title Corrosion Engineering
250 ## - EDITION STATEMENT
Edition statement 3rd ed.
260 ## - PUBLICATION, DISTRIBUTION, ETC. (IMPRINT)
Place of publication, distribution, etc. New York
Name of publisher, distributor, etc. McGraw Hill
Date of publication, distribution, etc. 1987
300 ## - PHYSICAL DESCRIPTION
Extent xv, 556 p.
Other physical details ill.
490 ## - SERIES STATEMENT
Series statement Mcgraw Hill series in materils science
504 ## - BIBLIOGRAPHY, ETC. NOTE
Bibliography, etc Includes bibliographies
650 #0 - SUBJECT ADDED ENTRY--TOPICAL TERM
Topical term or geographic name as entry element Corrosion and anti -corrosion
942 ## - ADDED ENTRY ELEMENTS (KOHA)
Koha item type General Book
Holdings
Koha issues (times borrowed) Koha item type Copy number Date acquired Withdrawn status Not for loan Koha date last borrowed Damaged status Koha date last seen Sublocation or collection (holding branch) Koha normalized classification for sorting Price effective from Piece designation (barcode) Lost status Source of classification or shelving scheme Koha full call number Koha out on loan Location (home branch) Shelving location
6General Book12014-11-13  2025-12-01 2025-12-01Central Library, BUET620_112200000000000_FON_19872014-11-1392097  620.1122/FON/19872025-12-15Central Library, BUETCirculation section
4General Book22014-11-17  2025-12-06 2025-12-06Central Library, BUET620_000000000000000_1122FON1982014-11-1771266  620.1122/FON/19872025-12-20Central Library, BUETCirculation section
 Reading Item32015-07-01    2015-07-01Central Library, BUET620_112200000000000_FON_19872015-07-0192095  620.1122/FON/1987 Central Library, BUETReading section